000 00302nam a22001217a 4500
082 _a297.1226
_bKHA
100 _aKhalifa,Mohammad
245 _aThe Sublime Quran and orientalism
260 _aNew York:
_bLibrary of congress,
_c1983. :
300 _a262p. ;
563 _aHB
942 _2ddc
_cBK
999 _c614611
_d614611